Linear Matrix Inequalities in System and Control Theory (Record no. 12119)

000 -LEADER
fixed length control field 00584nam a22001697a 4500
020 ## - INTERNATIONAL STANDARD BOOK NUMBER
International Standard Book Number 0898714850
082 ## - DEWEY DECIMAL CLASSIFICATION NUMBER
Classification number 515.64
100 ## - MAIN ENTRY--PERSONAL NAME
Personal name Boyd, Stephen
245 ## - TITLE STATEMENT
Title Linear Matrix Inequalities in System and Control Theory
260 ## - PUBLICATION, DISTRIBUTION, ETC.
Place of publication, distribution, etc. USA
Name of publisher, distributor, etc. Siam Publishing
Date of publication, distribution, etc. 1994
300 ## - PHYSICAL DESCRIPTION
Extent ix, 193 p.
Other physical details ill. ;
490 ## - SERIES STATEMENT
Series statement Studies in Applied Mathematics
500 ## - GENERAL NOTE
General note Includes bibliographical references and index.
650 ## - SUBJECT ADDED ENTRY--TOPICAL TERM
Topical term or geographic name entry element 1. Control theory. 2. Matrix inequalities. 3. Mathematical Optimization.
700 ## - ADDED ENTRY--PERSONAL NAME
Personal name Ghaoui, Laurent El. Feron Eric. Balakrishnan Venkataramanan.
942 ## - ADDED ENTRY ELEMENTS (KOHA)
Koha item type Book
Holdings
Withdrawn status Lost status Damaged status Not for loan Collection code Permanent Location Current Location Shelving location Date acquired Source of acquisition Cost, normal purchase price Total Checkouts Full call number Barcode Date last seen Date last checked out Price effective from Koha item type
          Central Library (CL) Central Library (CL) General Stacks 07/17/2013 Allied Book Company 8275.17 2 515.64 BOY SEECS012602 05/29/2024 10/04/2018 07/18/2013 Book
© 2023 Central Library, National University of Sciences and Technology. All Rights Reserved.